| 000 | 02516cam a22002414a 4500 | ||
|---|---|---|---|
| 005 | 20250605163952.0 | ||
| 008 | 250528s ||||||||||||||||||||||||d | ||
| 035 | _a15400 | ||
| 020 | _a395213908 | ||
| 040 |
_aGR-AtMCL _bgre _dGR-AtMCL _eAACR2 |
||
| 245 | 1 | _aModern Business Study Guide / A Systems Approach | |
| 250 | _a2nd | ||
| 260 |
_bHoughton Mifflin Company, _c1977 |
||
| 300 | _a322 | ||
| 505 | 0 | _aThe Modern Business System, The Scope of American Business, Form and Regulation of American Business, The Business System, Inputs to the Business System, Management in Business, Management and Organizational Form and Human Behavior, Labor in Business, Business Capital and Short-Term Financial Planning, Business Capital and Long-Term Financial Planning, Land and Location and Urban Development, Transforming Inputs into Goods and Services, Production: Making the Product, Marketing: From Producer to Consumer, Marketing: Promotion and Pricing, Organizational Services, Small Business, Information Feedback for Planning and Control and Evaluation, Accounting and the Evaluation of Financial Information, Computer Based Information Systems, The Business System in Society, Ecology and Business, The Consumer and Business, World Markets and Business, Law and Government and Business, The Future and Business, Appendix: Preparing for your Career in Business. | |
| 520 | _aThe Modern Business System, The Scope of American Business, Form and Regulation of American Business, The Business System, Inputs to the Business System, Management in Business, Management and Organizational Form and Human Behavior, Labor in Business, Business Capital and Short-Term Financial Planning, Business Capital and Long-Term Financial Planning, Land and Location and Urban Development, Transforming Inputs into Goods and Services, Production: Making the Product, Marketing: From Producer to Consumer, Marketing: Promotion and Pricing, Organizational Services, Small Business, Information Feedback for Planning and Control and Evaluation, Accounting and the Evaluation of Financial Information, Computer Based Information Systems, The Business System in Society, Ecology and Business, The Consumer and Business, World Markets and Business, Law and Government and Business, The Future and Business, Appendix: Preparing for your Career in Business. | ||
| 700 | 1 |
_aBonnington L. Robert _91318 |
|
| 700 | 1 |
_aNeedles Belverd E _91319 |
|
| 700 | 1 |
_aRosenblatt Bernard S _91320 |
|
| 942 | _cBK | ||
| 999 |
_c984 _d984 |
||